Estádios da CONMEBOL Sul-Americana - Statistics

Estatísticas Gerais
  • Esse quiz foi jogado 19 vezes
  • A pontuação média é 9 de 45
Estatísticas das Respostas
Imagem Hint Resposta % Correto
São Paulo (BRA) Morumbi
100%
Internacional (BRA) Beira-Rio
94%
Fluminense (BRA) Maracanã
94%
Santos (BRA) Vila Belmiro
94%
Ceará (BRA) Arena Castelão
78%
Cuiabá (BRA) Arena Pantanal
78%
Independiente (ARG) Estadio Libertadores de América
56%
Racing (ARG) El Cilindro
50%
The Strongest (BOL) Estadio Hernando Siles
33%
Cerro Largo (URY) & Liverpool (URY) & Montevideo Wanderers (URY) & River Plate (URY) Estadio Centenario
28%
Lanús (ARG) Estadio Ciudad de Lanús
28%
Atlético Goianiense (BRA) Estádio Antônio Accioly
22%
Independiente Medellín (COL) Estadio Atanasio Girardot
17%
General Caballero JLM (PRY) & Guaireña (PRY) & Nacional (PRY) & Olimpia (PRY) & Sol de América (PRY) Estadio Defensores del Chaco
17%
Nacional (URY) Estadio Gran Parque Central
17%
Unión de Santa Fe (ARG) Estadio 15 de Abril
11%
Banfield (ARG) Estadio Florencio Sola
11%
LDU Quito (ECU) Estadio Rodrigo Paz Delgado
11%
Independiente del Valle (ECU) Estádio Banco Guayaquil
6%
Deportivo Cali (COL) Estadio Deportivo Cali
6%
Jorge Wilstermann (BOL) Estadio Félix Capriles
6%
9 de Octubre (ECU) & Delfín (ECU) Estadio Jocay
6%
Barcelona de Guayaquil (ECU) Estadio Monumental Isidro Romero Carbo
6%
Defensa y Justicia (ARG) Estadio Norberto “Tito” Tomaghello
6%
América de Cali (COL) Estadio Olímpico Pascual Guerrero
6%
Deportes Antofagasta (CHL) Estadio Regional de Antofagasta
6%
Hermanos Colmenarez (VEN) Estadio Agustín Tovar
0%
Mushuc Runa (ECU) Estadio Bellavista
0%
Ñublense (CHL) Estadio Bicentenario Municipal Nelson Oyarzún
0%
La Equidad (COL) Estadio El Campín
0%
Guabirá (BOL) Estadio Gilberto Parada
0%
Ayacucho (PER) & Cienciano (PER) Estadio Inca Garcilaso de la Vega
0%
Junior Barranquilla (COL) Estadio Metropolitano Roberto Meléndez
0%
Colo-Colo (CHL) Estadio Monumental David Arellano
0%
Melgar (PER) Estádio Monumental de la Universidad Nacional de San Agustín
0%
Unión La Calera (CHL) Estadio Municipal Nicolás Chahuán Nazar
0%
Sport Boys (PER) Estadio Nacional del Perú
0%
Universidad Católica (ECU) Estadio Olímpico Atahualpa
0%
Deportivo La Guaira (VEN) & Metropolitanos (VEN) Estadio Olímpico de la Universidad Central de Venezuela
0%
Estudiantes de Mérida (VEN) Estadio Olímpico Monumental de Mérida
0%
Deportivo Táchira (VEN) Estadio Polideportivo de Pueblo Novo
0%
Oriente Petrolero (BOL) & Royal Pari (BOL) Estadio Ramón “Tahuichi” Aguilera
0%
Universidad Católica (CHL) Estadio San Carlos de Apoquindo
0%
Unión Española (CHL) Estadio Santa Laura
0%
Everton (CHL) Estadio Sausalito
0%
Nenhum quiz correspondente encontrado
Distribuição das Pontuações
Porcentagem de Pessoas com Cada Pontuação
Percentil de Números Respondidos
Sua Pontuação Histórica
Você não jogou esse quiz